Catálogo
 En Linea

¿Quienes son los evangélicos? ¿Quieres ser uno de ellos? / (Registro nro. 37781)

Detalles MARC
000 -CABECERA
campo de control de longitud fija 00617nam a2200169 a 4500
001 - NÚMERO DE CONTROL
campo de control 000038291
005 - FECHA Y HORA DE LA ÚLTIMA TRANSACCIÓN
campo de control 20201002031222.0
008 - DATOS DE LONGITUD FIJA--INFORMACIÓN GENERAL
campo de control de longitud fija 130408s1997 dr 000 0 spa d
040 ## - FUENTE DE LA CATALOGACIÓN
Centro catalogador/agencia de origen DO-SdBNP
Lengua de catalogación spa
Centro/agencia transcriptor BNPHU
082 ## - NÚMERO DE LA CLASIFICACIÓN DECIMAL DEWEY
Número de clasificación xxxx
Número de documento/Ítem xxxx
100 1# - ENTRADA PRINCIPAL--NOMBRE DE PERSONA
Nombre de persona Martínez, Nelson
9 (RLIN) 64658
245 10 - MENCIÓN DE TÍTULO
Título ¿Quienes son los evangélicos? ¿Quieres ser uno de ellos? /
Mención de responsabilidad, etc. Nelson Novas Martínez ; prólogo Carlos Manuel Ventura Mota.
260 ## - PUBLICACIÓN, DISTRIBUCIÓN, ETC.
Lugar de publicación, distribución, etc. Santo Domingo :
Nombre del editor, distribuidor, etc. La Abeja,
Fecha de publicación, distribución, etc. 1997.
300 ## - DESCRIPCIÓN FÍSICA
Extensión 110 p. ;
Dimensiones 21 cm.
500 ## - NOTA GENERAL
Nota general Incluye datos biográficos del autor en las solapas.
700 12 - PUNTO DE ACCESO ADICIONAL--NOMBRE DE PERSONA
Nombre de persona Ventura Mota, Carlos Manuel,
Término indicativo de función/relación pról.
9 (RLIN) 64659
Existencias
Estado de retiro Estado de pérdida No para préstamo Código de colección Localización permanente Ubicación/localización actual Ubicación en estantería Fecha de adquisición Número de inventario Total de préstamos Signatura topográfica completa Código de barras Fecha visto por última vez Precio válido a partir de Tipo de ítem Koha
    Excluido de préstamo Patrimonio Dominicano Patrimonio Dominicano Patrimonio Dominicano En catalogación 08.04.2013 LF1   xxxx xxxx 38291-10 25.06.2020 25.06.2020 Libro y Folleto Colección Patrimonio Dominicano
      Patrimonio Dominicano Patrimonio Dominicano Patrimonio Dominicano Orden iniciada 31.07.2013 LF1   xxxx xxxx 38291-20 25.06.2020 25.06.2020 Libro y Folleto Colección Patrimonio Dominicano

Con tecnología Koha